Online
Catalog

La ruta del desarrollo / (Record no. 49566)

MARC details
000 -CABECERA
campo de control de longitud fija 01299nam a2200301 i 4500
003 - IDENTIFICADOR DEL NÚMERO DE CONTROL
campo de control OSt
005 - FECHA Y HORA DE LA ÚLTIMA TRANSACCIÓN
campo de control 20230711150606.0
008 - DATOS DE LONGITUD FIJA--INFORMACIÓN GENERAL
campo de control de longitud fija 210315b 2020 dr aa00| 0 eng d
020 ## - NÚMERO INTERNACIONAL ESTÁNDAR DEL LIBRO
Número Internacional Estándar del Libro 9789945912210
040 ## - FUENTE DE LA CATALOGACIÓN
Centro catalogador/agencia de origen DO-SdBNP
Lengua de catalogación spa
Centro/agencia transcriptor BNPHU
Normas de descripción rda
245 00 - MENCIÓN DE TÍTULO
Título La ruta del desarrollo /
Mención de responsabilidad, etc. director ; Julio César Castillo ; coordinador Rafael Alcides Tavárez
246 00 - FORMA VARIANTE DE TÍTULO
Título propio/Titulo breve Ruta de desarrollo
260 ## - PUBLICACIÓN, DISTRIBUCIÓN, ETC.
Lugar de publicación, distribución, etc. Santo Domingo
Nombre del editor, distribuidor, etc. Publicaciones Libertad,
264 ## - PRODUCCIÓN, PUBLICACIÓN, DISTRIBUCIÓN, FABRICACIÓN Y COPYRIGHT
Producción, publicación, distribución, fabricación y copyright Santo Domingo
Nombre del de productor, editor, distribuidor, fabricante Concilio Evangelico Asambleas de Dios República Dominicana. Ministerio de Educación Cristiana,
Fecha de producción, publicación, distribución, fabricación o copyright 2020.
300 ## - DESCRIPCIÓN FÍSICA
Extensión 2 volumenes
Otras características físicas ilustraciones ;
Dimensiones 21 cm.
336 ## - TIPO DE CONTENIDO
Fuente Rdacontent
Término de tipo de contenido texto
Código de tipo de contenido txt
337 ## - TIPO DE MEDIO
Fuente rdamedia
Nombre/término del tipo de medio sin mediación
Código del tipo de medio n
338 ## - TIPO DE SOPORTE
Fuente rdacarrier
Nombre/término del tipo de soporte volumen
Código del tipo de soporte nc
500 ## - NOTA GENERAL
Nota general La biblioteca posee el volumen 1 y 3
505 2# - NOTA DE CONTENIDO CON FORMATO
Información miscelánea v. 1
Título Fundamento general del nuevo creyente --
-- Guía de fundamento doctirnal --
-- El amigo que le ayuda.
505 2# - NOTA DE CONTENIDO CON FORMATO
Información miscelánea v. 3
Título Discipulado y liderazgo --
590 ## - NOTA LOCAL (RLIN)
Nota local Inventariado, 2021 /LP<br/><br/>
700 1# - PUNTO DE ACCESO ADICIONAL--NOMBRE DE PERSONA
Nombre de persona Castillo, Julio César,
Término indicativo de función/relación director
9 (RLIN) 80682
700 1# - PUNTO DE ACCESO ADICIONAL--NOMBRE DE PERSONA
Nombre de persona Alcides Tavárez, Rafael,
Término indicativo de función/relación coordinador
9 (RLIN) 80683
710 1# - PUNTO DE ACCESO ADICIONAL--NOMBRE DE ENTIDAD CORPORATIVA
Nombre de entidad corporativa o nombre de jurisdicción como elemento de entrada Concilio Evangelico Asambleas de Dios República Dominicana.
Unidad subordinada Ministerio de Educación Cristiana
9 (RLIN) 78139
910 ## - DATOS DE OPCIÓN DEL USUARIO (OCLC)
Datos de opción del usuario Lopérez
942 ## - ELEMENTOS DE PUNTO DE ACCESO ADICIONAL (KOHA)
Fuente del sistema de clasificación o colocación Dewey Decimal Classification
Tipo de ítem Koha Libro
Holdings
Estado de retiro Estado de pérdida Fuente del sistema de clasificación o colocación Restricciones de uso No para préstamo Código de colección Localización permanente Ubicación/localización actual Ubicación en estantería Fecha de adquisición Fuente de adquisición Total de préstamos Código de barras Fecha visto por última vez Número de copia Precio válido a partir de Tipo de ítem Koha
    Dewey Decimal Classification Préstamo en sala   Dominicana de Servicio Biblioteca Nacional Pedro Henríquez Ureña Dominicana Depósito 15.03.2021 Depósito Legal   2021-0836 15.03.2021 v. 3, e. 3 15.03.2021 Libro y Folleto Colección Dominicana de Servicio
    Dewey Decimal Classification Préstamo en sala   Dominicana de Servicio Biblioteca Nacional Pedro Henríquez Ureña Dominicana Depósito 19.11.2021 Depósito Legal   2021-28239 19.11.2021 v.1, e.3 19.11.2021 Libro y Folleto Colección Dominicana de Servicio
    Dewey Decimal Classification Excluido de préstamo   Dominicana de Servicio Biblioteca Nacional Pedro Henríquez Ureña Patrimonio Dominicano Depósito 15.03.2021 Depósito Legal   2021-0834 15.03.2021 v. 3 15.03.2021 Libro y Folleto Colección Dominicana de Servicio
    Dewey Decimal Classification Excluido de préstamo   Dominicana de Servicio Biblioteca Nacional Pedro Henríquez Ureña Patrimonio Dominicano Depósito 15.03.2021 Depósito Legal   2021-0835 15.03.2021 v. 3, e. 2 15.03.2021 Libro y Folleto Colección Dominicana de Servicio
    Dewey Decimal Classification Excluido de préstamo   Patrimonio Dominicano Biblioteca Nacional Pedro Henríquez Ureña Patrimonio Dominicano Depósito 19.11.2021 Depósito Legal   2021-28237 19.11.2021 v.1 19.11.2021 Libro y Folleto Colección Patrimonio Dominicano
    Dewey Decimal Classification Excluido de préstamo   Patrimonio Dominicano Biblioteca Nacional Pedro Henríquez Ureña Patrimonio Dominicano Depósito 19.11.2021 Depósito Legal   2021-28238 19.11.2021 v.1, e.2 19.11.2021 Libro y Folleto Colección Patrimonio Dominicano

Powered by Koha